dôNrm'-lä-püsl (Record no. 61698)

MARC details
000 -LEADER
fixed length control field 02470nam a2200241Ii 4500
008 - FIXED-LENGTH DATA ELEMENTS--GENERAL INFORMATION
fixed length control field 221202s xx 000 0 und d
100 1# - MAIN ENTRY--PERSONAL NAME
Personal name edwards, kari,
Relator term author
245 #0 - TITLE STATEMENT
Title dôNrm'-lä-püsl
264 #1 - PRODUCTION, PUBLICATION, DISTRIBUTION, MANUFACTURE, AND COPYRIGHT NOTICE
Place of production, publication, distribution, manufacture Brooklyn, NY
Name of producer, publisher, distributor, manufacturer punctum books
Date of production, publication, distribution, manufacture, or copyright notice 2017
300 ## - PHYSICAL DESCRIPTION
Extent 1 online resource (102 pages)
336 ## - CONTENT TYPE
Content type term text
Content type code txt
Source rdacontent
337 ## - MEDIA TYPE
Media type term computer
Media type code c
Source rdamedia
338 ## - CARRIER TYPE
Carrier type term online resource
Carrier type code cr
Source rdacarrier
520 ## - SUMMARY, ETC.
Summary, etc. There have been many iterations of the Joan of Arc story: “testimonies,” books, and films have attempted to capture the drama of one of history’s most famous gender warriors. But few, if any, have been undertaken by an author who met her subject matter with such recognition and insight, a fellow warrior, a rebel in kind. kari edwards, a transgender activist and key figure in the Bay Area experimental writing scene of the late 1990s and early 2000s, was provocative and prescient in her concern for the way that language inflects, inflicts, and regulates gender norms. Her persistent efforts to break linguistic binaries and barriers have given her texts an ongoing urgency after her untimely death in 2006. This book brings to life an important document discovered in the late poet’s archive at the Poetry Collection at the University of Buffalo. The several notebooks and partial typescript (as well as various plans and notes) of edwards’ unfinished dôNrm’-lä-püsl, uncovered by Tina Žigon, offer an intriguing glimpse of a major new direction in edwards’ work, one in which her avant-garde instincts are channeled through rigorous research on this medieval figure. In this retelling : better to say “remixing” : of Joan of Arc’s fateful trial and martyrdom, we find the major theme so richly laced throughout edwards’ oeuvre: the courageous (but also depressingly mundane) struggle against the stifling regulation of language, appearance, and norms. edwards’s Joan of Arc, even in its incomplete and abbreviated form (which Žigon calls a “possible version” of edwards’s manuscript), offers an exciting engagement with one of the medieval period’s most challenging and mysterious figures.
653 ## - INDEX TERM--UNCONTROLLED
Uncontrolled term Gender
653 ## - INDEX TERM--UNCONTROLLED
Uncontrolled term Joan Of Arc
653 ## - INDEX TERM--UNCONTROLLED
Uncontrolled term Medieval History
653 ## - INDEX TERM--UNCONTROLLED
Uncontrolled term Poetry
653 ## - INDEX TERM--UNCONTROLLED
Uncontrolled term Trans Studies
700 1# - ADDED ENTRY--PERSONAL NAME
Personal name Žigon, Tina
856 ## - ELECTRONIC LOCATION AND ACCESS
Uniform Resource Identifier <a href="https://library.oapen.org/bitstream/20.500.12657/25445/1/1004650.pdfhttp://library.oapen.org/handle/20.500.12657/25445">https://library.oapen.org/bitstream/20.500.12657/25445/1/1004650.pdfhttp://library.oapen.org/handle/20.500.12657/25445</a>
942 ## - ADDED ENTRY ELEMENTS (KOHA)
Koha item type E-Book
Holdings
Withdrawn status Damaged status Not for loan Home library Current library Date acquired Total Checkouts Date last seen Price effective from Koha item type
      Directory of Open Access Books Directory of Open Access Books 11/28/2022   11/28/2022 11/28/2022 E-Book

University of Rizal System
Email us at univlibservices@urs.edu.ph

Visit our Website www.urs.edu.ph/library